<?xml version="1.0" encoding="UTF-8"?>
<record
    xmlns:xsi="http://www.w3.org/2001/XMLSchema-instance"
    xsi:schemaLocation="http://www.loc.gov/MARC21/slim http://www.loc.gov/standards/marcxml/schema/MARC21slim.xsd"
    xmlns="http://www.loc.gov/MARC21/slim">

  <leader>03137nam a22002537a 4500</leader>
  <controlfield tag="003">DO-SdBJH</controlfield>
  <controlfield tag="005">20260325221228.0</controlfield>
  <controlfield tag="008">260325b2025    |||d|||| |||| 00| 0 spa d</controlfield>
  <datafield tag="040" ind1=" " ind2=" ">
    <subfield code="a">DO-SdBJH</subfield>
    <subfield code="b">spa</subfield>
    <subfield code="c">DO-SdBJH</subfield>
  </datafield>
  <datafield tag="041" ind1="0" ind2=" ">
    <subfield code="a">spa</subfield>
  </datafield>
  <datafield tag="090" ind1=" " ind2=" ">
    <subfield code="a">CT MA-SDN 0021</subfield>
    <subfield code="b">EGAEE 2025</subfield>
  </datafield>
  <datafield tag="100" ind1="1" ind2=" ">
    <subfield code="a">Ayala Estrada, Fernando</subfield>
    <subfield code="e">sustentante</subfield>
  </datafield>
  <datafield tag="245" ind1="1" ind2="3">
    <subfield code="a">El liderazgo del Ministrio de Relaciones Exteriores de Rep&#xFA;blica Dominicana para la elaboraci&#xF3;n de mecanismos estrat&#xE9;gicos en la toma de decisiones para la paz :</subfield>
    <subfield code="b">per&#xED;odo 2023-2025 /</subfield>
    <subfield code="c">Fernando Ayala Estrada, Lester Leonel Antonio Toledo Mena ; asesor de contenido Ram&#xF3;n Vladimir Taveras Morillo ; asesor metodol&#xF3;gico Jos&#xE9; E. M&#xE9;ndez Medina.</subfield>
  </datafield>
  <datafield tag="260" ind1=" " ind2=" ">
    <subfield code="a">Santo Domingo, Rep&#xFA;blica Dominicana :</subfield>
    <subfield code="b">UNADE,</subfield>
    <subfield code="c">2025.</subfield>
  </datafield>
  <datafield tag="300" ind1=" " ind2=" ">
    <subfield code="a">xv, 118, [20] p&#xE1;ginas :</subfield>
    <subfield code="b">gr&#xE1;ficas.</subfield>
  </datafield>
  <datafield tag="502" ind1=" " ind2=" ">
    <subfield code="a">Tesis y trabajos de grado (Maestr&#xED;a en Seguridad y Defensa Nacional)--Universidad Nacional para la Defensa "General Juan Pablo Duarte y D&#xED;ez", Escuela de Graduados de Altos Estudios Estrat&#xE9;gicos, Santo Domingo, 2025.</subfield>
  </datafield>
  <datafield tag="504" ind1=" " ind2=" ">
    <subfield code="a">Incluye referencias bibliogr&#xE1;ficas, ap&#xE9;ndices y anexos.</subfield>
  </datafield>
  <datafield tag="505" ind1=" " ind2=" ">
    <subfield code="a">Estructura y organizaci&#xF3;n del Ministerio de Relaciones Exteriores de Rep&#xFA;blica Dominicana -- Mecanismos Estrat&#xE9;gicos del Ministerio de Relaciones Exteriores de Rep&#xFA;blica Dominicana -- Ponderaciones sobre el liderazgo del Ministerio de Relaciones Exteriores de Rep&#xFA;blica Dominicana en la regi&#xF3;n de Am&#xE9;rica Latina y El Caribe.</subfield>
  </datafield>
  <datafield tag="520" ind1=" " ind2=" ">
    <subfield code="a">El presente trabajo de investigaci&#xF3;n pretende determinar cu&#xE1;l es el nivel de liderazgo que posee el Ministerio de Relaciones Exteriores de rep&#xFA;blica Dominicana para la elaboraci&#xF3;n de mecanismos estrat&#xE9;gicos que contribuyen a la paz regional en el Caribe y Latinoam&#xE9;rica, tomando en cuenta y siguiendo los lineamientos del mandato presidencial con relaci&#xF3;n a la pol&#xED;tica exterior y de acuerdo a las relaciones diplom&#xE1;ticas que se tienen en la regi&#xF3;n as&#xED; como los tratados bilaterales y multilaterales que se hayan firmado en materia de paz, seguridad y derechos humanos. El Ministerio de Relaciones Exteriores cuenta con la base legal, infraestructura y despliegue de misiones diplom&#xE1;ticas en el caribe y Latinoam&#xE9;rica, as&#xED; como los planes operativos anuales en donde establece diferentes actividades como conferencias, foros, tratados, resoluciones reuniones y cumbres, llam&#xE1;ndoseles mecanismos estrat&#xE9;gicos, con los cuales se la logrado colocar en una posici&#xF3;n privilegiada con relaci&#xF3;n a la contribuci&#xF3;n de la paz regional. Una de las contribuciones m&#xE1;s importantes que realiza rep&#xFA;blica Dominicana a trav&#xE9;s del Ministerio de Relaciones Exteriores es contribuir para resolver la crisis migratoria y los problemas de inseguridad que vive su hermano pa&#xED;s de Hait&#xED;, reflejando un inter&#xE9;s leg&#xED;timo para eliminar esta amenaza a la estabilidad regional, no importando las diferencias que se tienen entre estos dos pa&#xED;ses.</subfield>
  </datafield>
  <datafield tag="700" ind1="1" ind2=" ">
    <subfield code="a">Toledo Mena, Lester Leonel Antonio</subfield>
    <subfield code="e">sustentante</subfield>
  </datafield>
  <datafield tag="700" ind1="1" ind2=" ">
    <subfield code="a">Taveras Morillo, Ram&#xF3;n Vladimir</subfield>
    <subfield code="e">asesor de contenido</subfield>
  </datafield>
  <datafield tag="700" ind1="1" ind2=" ">
    <subfield code="a">M&#xE9;ndez Medina, Jos&#xE9; E.</subfield>
    <subfield code="e">asesor metodol&#xF3;gico</subfield>
  </datafield>
  <datafield tag="942" ind1=" " ind2=" ">
    <subfield code="2">CL</subfield>
    <subfield code="c">T</subfield>
  </datafield>
  <datafield tag="999" ind1=" " ind2=" ">
    <subfield code="c">8619</subfield>
    <subfield code="d">8619</subfield>
  </datafield>
</record>
